000 00561nam a2200229Ia 4500
003 OSt
005 20221005113659.0
006 a|||||r|||| 00| 0
007 ta
008 221004b |||||||| |||| 00| 0 mal d
024 _a53115
037 _cTextual
040 _aCRL
_cCRL
_bmal
041 _2mal
_amal
082 _aNR212x, 32M2
100 _aOmcheri Leela
_9624746
245 0 _aAbhinaya sangitam
260 _c1982
650 _aMUSIC
_917402
942 _hNR212x, 32M2
_cTEXL
_2cc
999 _c1028909
_d1028909